<?xml version="1.0" encoding="UTF-8"?>
<collection xmlns="http://www.loc.gov/MARC21/slim">
 <record>
  <leader>02758nam a22002897a 4500</leader>
  <controlfield tag="001">NCT_51923</controlfield>
  <controlfield tag="008">180925b        xxu||||| |||| 00| 0 vie d</controlfield>
  <datafield tag="999" ind1=" " ind2=" ">
   <subfield code="c">2484</subfield>
   <subfield code="d">2484</subfield>
  </datafield>
  <datafield tag="020" ind1=" " ind2=" ">
   <subfield code="a">9786048627218</subfield>
   <subfield code="c">33000</subfield>
  </datafield>
  <datafield tag="082" ind1="0" ind2="4">
   <subfield code="2">23rd ed.</subfield>
   <subfield code="a">341.574</subfield>
   <subfield code="b">D561</subfield>
  </datafield>
  <datafield tag="100" ind1="1" ind2=" ">
   <subfield code="a">Trần Thị Thùy Dương</subfield>
   <subfield code="e">Chủ biên</subfield>
  </datafield>
  <datafield tag="245" ind1="1" ind2="0">
   <subfield code="a">Tìm hiểu luật WTO qua một số vụ kiện về trợ cấp</subfield>
   <subfield code="c">Trần Thị Thùy Dương</subfield>
  </datafield>
  <datafield tag="260" ind1=" " ind2=" ">
   <subfield code="a">H.</subfield>
   <subfield code="b">Hồng Đức</subfield>
   <subfield code="c">2014</subfield>
  </datafield>
  <datafield tag="300" ind1=" " ind2=" ">
   <subfield code="a">217tr.</subfield>
   <subfield code="c">21cm</subfield>
  </datafield>
  <datafield tag="520" ind1=" " ind2=" ">
   <subfield code="a">Nội dung tài liệu gồm: Luật WTO về trợ cấp và các biện pháp đối kháng và những cân nhắc trong bối cảnh nhu cầu bảo đảm quyền con người; Mexico các biện pháp chống trợ cấp chính thức áp dụng đối với dầu olive có nguồn gốc từ Cộng đồng Châu Âu; Hoa kỳ chỉ thị ký quỹ Cục Hải quan đối với hàng hóa là đối tượng của thuế chống bán phá giá/ chống trợ cấp (DS345); Hoa Kỳ thuế chống bán phá giá và đối kháng đối với một số sản phẩm từ Trung Quốc (DS379)...</subfield>
  </datafield>
  <datafield tag="653" ind1=" " ind2=" ">
   <subfield code="a">Luật học</subfield>
  </datafield>
  <datafield tag="942" ind1=" " ind2=" ">
   <subfield code="2">ddc</subfield>
   <subfield code="c">BK</subfield>
  </datafield>
  <datafield tag="952" ind1=" " ind2=" ">
   <subfield code="0">0</subfield>
   <subfield code="1">0</subfield>
   <subfield code="2">ddc</subfield>
   <subfield code="4">0</subfield>
   <subfield code="6">341_574000000000000_D561</subfield>
   <subfield code="7">0</subfield>
   <subfield code="9">14132</subfield>
   <subfield code="a">000001</subfield>
   <subfield code="b">000001</subfield>
   <subfield code="d">2018-09-25</subfield>
   <subfield code="l">1</subfield>
   <subfield code="o">341.574 D561</subfield>
   <subfield code="p">MD.02478</subfield>
   <subfield code="r">2018-11-24</subfield>
   <subfield code="s">2018-11-15</subfield>
   <subfield code="v">33000.00</subfield>
   <subfield code="w">2018-09-25</subfield>
   <subfield code="y">BK</subfield>
  </datafield>
  <datafield tag="952" ind1=" " ind2=" ">
   <subfield code="0">0</subfield>
   <subfield code="1">0</subfield>
   <subfield code="2">ddc</subfield>
   <subfield code="4">0</subfield>
   <subfield code="6">341_574000000000000_D561</subfield>
   <subfield code="7">0</subfield>
   <subfield code="9">14133</subfield>
   <subfield code="a">000001</subfield>
   <subfield code="b">000001</subfield>
   <subfield code="d">2018-09-25</subfield>
   <subfield code="o">341.574 D561</subfield>
   <subfield code="p">MD.02479</subfield>
   <subfield code="r">2018-09-25</subfield>
   <subfield code="v">33000.00</subfield>
   <subfield code="w">2018-09-25</subfield>
   <subfield code="y">BK</subfield>
  </datafield>
  <datafield tag="952" ind1=" " ind2=" ">
   <subfield code="0">0</subfield>
   <subfield code="1">0</subfield>
   <subfield code="2">ddc</subfield>
   <subfield code="4">0</subfield>
   <subfield code="6">341_574000000000000_D561</subfield>
   <subfield code="7">0</subfield>
   <subfield code="9">14134</subfield>
   <subfield code="a">000001</subfield>
   <subfield code="b">000001</subfield>
   <subfield code="d">2018-09-25</subfield>
   <subfield code="o">341.574 D561</subfield>
   <subfield code="p">MD.02480</subfield>
   <subfield code="r">2018-09-25</subfield>
   <subfield code="v">33000.00</subfield>
   <subfield code="w">2018-09-25</subfield>
   <subfield code="y">BK</subfield>
  </datafield>
  <datafield tag="952" ind1=" " ind2=" ">
   <subfield code="0">0</subfield>
   <subfield code="1">0</subfield>
   <subfield code="2">ddc</subfield>
   <subfield code="4">0</subfield>
   <subfield code="6">341_574000000000000_D561</subfield>
   <subfield code="7">0</subfield>
   <subfield code="9">14135</subfield>
   <subfield code="a">000001</subfield>
   <subfield code="b">000001</subfield>
   <subfield code="d">2018-09-25</subfield>
   <subfield code="o">341.574 D561</subfield>
   <subfield code="p">MD.02481</subfield>
   <subfield code="r">2018-09-25</subfield>
   <subfield code="v">33000.00</subfield>
   <subfield code="w">2018-09-25</subfield>
   <subfield code="y">BK</subfield>
  </datafield>
  <datafield tag="952" ind1=" " ind2=" ">
   <subfield code="0">0</subfield>
   <subfield code="1">0</subfield>
   <subfield code="2">ddc</subfield>
   <subfield code="4">0</subfield>
   <subfield code="6">341_574000000000000_D561</subfield>
   <subfield code="7">0</subfield>
   <subfield code="9">14136</subfield>
   <subfield code="a">000001</subfield>
   <subfield code="b">000001</subfield>
   <subfield code="d">2018-09-25</subfield>
   <subfield code="o">341.574 D561</subfield>
   <subfield code="p">MD.02482</subfield>
   <subfield code="r">2018-09-25</subfield>
   <subfield code="v">33000.00</subfield>
   <subfield code="w">2018-09-25</subfield>
   <subfield code="y">BK</subfield>
  </datafield>
  <datafield tag="952" ind1=" " ind2=" ">
   <subfield code="0">0</subfield>
   <subfield code="1">0</subfield>
   <subfield code="2">ddc</subfield>
   <subfield code="4">0</subfield>
   <subfield code="6">341_574000000000000_D561</subfield>
   <subfield code="7">0</subfield>
   <subfield code="9">14137</subfield>
   <subfield code="a">000001</subfield>
   <subfield code="b">000001</subfield>
   <subfield code="d">2018-09-25</subfield>
   <subfield code="o">341.574 D561</subfield>
   <subfield code="p">MD.02483</subfield>
   <subfield code="r">2018-09-25</subfield>
   <subfield code="v">33000.00</subfield>
   <subfield code="w">2018-09-25</subfield>
   <subfield code="y">BK</subfield>
  </datafield>
  <datafield tag="952" ind1=" " ind2=" ">
   <subfield code="0">0</subfield>
   <subfield code="1">0</subfield>
   <subfield code="2">ddc</subfield>
   <subfield code="4">0</subfield>
   <subfield code="6">341_574000000000000_D561</subfield>
   <subfield code="7">0</subfield>
   <subfield code="9">14138</subfield>
   <subfield code="a">000001</subfield>
   <subfield code="b">000001</subfield>
   <subfield code="d">2018-09-25</subfield>
   <subfield code="o">341.574 D561</subfield>
   <subfield code="p">MD.02484</subfield>
   <subfield code="r">2018-09-25</subfield>
   <subfield code="v">33000.00</subfield>
   <subfield code="w">2018-09-25</subfield>
   <subfield code="y">BK</subfield>
  </datafield>
  <datafield tag="952" ind1=" " ind2=" ">
   <subfield code="0">0</subfield>
   <subfield code="1">0</subfield>
   <subfield code="2">ddc</subfield>
   <subfield code="4">0</subfield>
   <subfield code="6">341_574000000000000_D561</subfield>
   <subfield code="7">0</subfield>
   <subfield code="9">14139</subfield>
   <subfield code="a">000001</subfield>
   <subfield code="b">000001</subfield>
   <subfield code="d">2018-09-25</subfield>
   <subfield code="o">341.574 D561</subfield>
   <subfield code="p">MD.02485</subfield>
   <subfield code="r">2018-09-25</subfield>
   <subfield code="v">33000.00</subfield>
   <subfield code="w">2018-09-25</subfield>
   <subfield code="y">BK</subfield>
  </datafield>
  <datafield tag="952" ind1=" " ind2=" ">
   <subfield code="0">0</subfield>
   <subfield code="1">0</subfield>
   <subfield code="2">ddc</subfield>
   <subfield code="4">0</subfield>
   <subfield code="6">341_574000000000000_D561</subfield>
   <subfield code="7">0</subfield>
   <subfield code="9">14140</subfield>
   <subfield code="a">000001</subfield>
   <subfield code="b">000001</subfield>
   <subfield code="d">2018-09-25</subfield>
   <subfield code="o">341.574 D561</subfield>
   <subfield code="p">MD.02486</subfield>
   <subfield code="r">2018-09-25</subfield>
   <subfield code="v">33000.00</subfield>
   <subfield code="w">2018-09-25</subfield>
   <subfield code="y">BK</subfield>
  </datafield>
  <datafield tag="980" ind1=" " ind2=" ">
   <subfield code="a">Thư viện Trường Đại học Nam Cần Thơ</subfield>
  </datafield>
 </record>
</collection>
